Financial Reporting of Risks in Insurance Companies
Klasifikovanie rizik, ktorým je poisťovňa vystavená. Rozoberanie správy a systému hospodárenia, kľúčových funkcií a objasňovanie trojlíniového modelu obrany v riadení rizík.
Guardado en:
| Autor principal: | |
|---|---|
| Formato: | Capítulo de libro |
| Lenguaje: | inglés |
| Materias: | |
| Etiquetas: |
Sin Etiquetas, Sea el primero en etiquetar este registro!
|
MARC
| LEADER | 00000naa$a2200000$$$4500 | ||
|---|---|---|---|
| 001 | 0305584 | ||
| 005 | 20241211183404.1 | ||
| 041 | 0 | |a eng | |
| 044 | |a SK | ||
| 245 | 1 | 0 | |a Financial Reporting of Risks in Insurance Companies |c Jitka Meluchová |
| 520 | |a Klasifikovanie rizik, ktorým je poisťovňa vystavená. Rozoberanie správy a systému hospodárenia, kľúčových funkcií a objasňovanie trojlíniového modelu obrany v riadení rizík. | ||
| 610 | 2 | 0 | |a manažment |
| 610 | 2 | 0 | |a riziko |
| 610 | 2 | 0 | |a solventnosť |
| 610 | 2 | 0 | |a poisťovne |
| 610 | 2 | 0 | |a výkazy finančné |
| 610 | 2 | 0 | |a výkazníctvo finančné |
| 100 | 1 | |a Meluchová, Jitka, 1965- | |